<?xml version="1.0" encoding="UTF-8"?>
<record
    xmlns:xsi="http://www.w3.org/2001/XMLSchema-instance"
    xsi:schemaLocation="http://www.loc.gov/MARC21/slim http://www.loc.gov/standards/marcxml/schema/MARC21slim.xsd"
    xmlns="http://www.loc.gov/MARC21/slim">

  <leader>03482nam a22002417a 4500</leader>
  <controlfield tag="008">170805s2015        mx||||| |||| 00| 0 spa d</controlfield>
  <datafield tag="082" ind1="0" ind2="4">
    <subfield code="a">709.22</subfield>
    <subfield code="b">C397j</subfield>
  </datafield>
  <datafield tag="111" ind1="1" ind2=" ">
    <subfield code="a">Coloquio Internacional Juan Acha en el centenario de su nacimiento.</subfield>
    <subfield code="c">Centro Nacional de las Artes, Centro Cultural Universitario Tlatelolco M&#xE9;xico,</subfield>
    <subfield code="d">Octubre 2016.</subfield>
    <subfield code="9">5891</subfield>
  </datafield>
  <datafield tag="245" ind1="1" ind2="0">
    <subfield code="a">Pr&#xE1;ctica de la imaginaci&#xF3;n cr&#xED;tica :</subfield>
    <subfield code="b">1916 - 2016 /</subfield>
    <subfield code="c">Coloquio Internacional Juan Acha en el centenario de su nacimiento.</subfield>
  </datafield>
  <datafield tag="246" ind1="0" ind2="1">
    <subfield code="a">Juan Acha en el centenario de su nacimiento.</subfield>
  </datafield>
  <datafield tag="250" ind1=" " ind2=" ">
    <subfield code="a">1a edici&#xF3;n.</subfield>
  </datafield>
  <datafield tag="260" ind1=" " ind2=" ">
    <subfield code="a">M&#xE9;xico :</subfield>
    <subfield code="b">Secretar&#xED;a de Cultura ; INBA,</subfield>
    <subfield code="c">2016.</subfield>
  </datafield>
  <datafield tag="300" ind1=" " ind2=" ">
    <subfield code="a">48 p&#xE1;ginas :</subfield>
    <subfield code="b">ilustraciones.</subfield>
  </datafield>
  <datafield tag="505" ind1="0" ind2=" ">
    <subfield code="t">Conferencia magistral: Aportes de Juan Acha a la autodeterminaci&#xF3;n est&#xE9;tica de nuestra Am&#xE9;rica, Homenaje cr&#xED;tico</subfield>
    <subfield code="r">Adolfo Colombres.</subfield>
    <subfield code="t">Mesa 1: Las obras en di&#xE1;logo.</subfield>
    <subfield code="t">Tareas para la cr&#xED;tica en un futuro prefigurado por Juan Acha</subfield>
    <subfield code="r">Carlos-Blas Galindo.</subfield>
    <subfield code="t">Pintura, vanguardismo y colectividad: un libro in&#xE9;dito de Juan Acha</subfield>
    <subfield code="r">Joaqu&#xED;n Barriendos.</subfield>
    <subfield code="t">Las obras en di&#xE1;logo y la cr&#xED;tica de arte</subfield>
    <subfield code="r">B&#xE9;lgica Rodr&#xED;guez.</subfield>
    <subfield code="t">Mesa 2: Procesos productivos de las artes.</subfield>
    <subfield code="t">Artesan&#xED;as mexicanas, producci&#xF3;n e ideolog&#xED;a</subfield>
    <subfield code="r">Victoria Novelo Oppeheim.</subfield>
    <subfield code="t">La importancia de los planteamientos te&#xF3;ricos de Juan Acha para la formaci&#xF3;n profesional de dise&#xF1;adores en la Escuela de Dise&#xF1;o del Instituto Nacional de Bellas Artes</subfield>
    <subfield code="r">Martha Eugenia Alfaro Cuevas.</subfield>
    <subfield code="t">La teor&#xED;a del dibujo en el pensamiento de Juan Acha</subfield>
    <subfield code="r">Aureliano S&#xE1;nchez.</subfield>
    <subfield code="t">Mesa 3: Ecos y teor&#xED;a.</subfield>
    <subfield code="t">Tres miradas a Juan Acha</subfield>
    <subfield code="r">Alberto Guti&#xE9;rrez Chong y Jorge Alberto Grunstein.</subfield>
    <subfield code="t">De la estetolog&#xED;a y sus descentramientos</subfield>
    <subfield code="r">Alberto Arg&#xFC;ello Grunstein.</subfield>
    <subfield code="t">Conferencia magistral: Subdesarrollo y vanguardia: Juan Acha y la cr&#xED;tica de arte en el ocaso del Per&#xFA; olig&#xE1;rquico (1958-1971) </subfield>
    <subfield code="r">Gustavo Buntinx.</subfield>
    <subfield code="t">Mesa 4: Emergencias: pensar lo nuevo.</subfield>
    <subfield code="t">Por una nueva problem&#xE1;tica art&#xED;stica: hacia una primera lectura m&#xE1;gico-feudal de Juan Acha</subfield>
    <subfield code="r">Julio Garc&#xED;a Murillo.</subfield>
    <subfield code="t">Los senderos te&#xF3;ricos de Acha: una lectura desde el presente</subfield>
    <subfield code="r">Cristia H&#xED;jar Gonz&#xE1;lez.</subfield>
    <subfield code="t">Migraci&#xF3;n de conceptos: producci&#xF3;n, distribuci&#xF3;n y consumo en la actualidad</subfield>
    <subfield code="r">Jos&#xE9; Manuel Springer.</subfield>
    <subfield code="t">Juan Acha: pensar el arte desde Am&#xE9;rica Latina</subfield>
    <subfield code="r">Rita Eder.</subfield>
    <subfield code="t">Artecentrismo.</subfield>
    <subfield code="t">La imagen, el arte y los l&#xED;mites de la ideolog&#xED;a</subfield>
    <subfield code="r">Fernando Zamora &#xC1;guila.</subfield>
    <subfield code="t">Del erocentrismo a la globalizaci&#xF3;n y del arte moderno al posmoderno en el M&#xE9;xico actual</subfield>
    <subfield code="r">Fausto Renato Esquivel Romero.</subfield>
    <subfield code="t">Entre la inspiraci&#xF3;n y la raz&#xF3;n</subfield>
    <subfield code="r">Silvia Dur&#xE1;n Pay&#xE1;n.</subfield>
    <subfield code="t">Juan Acha y las aspiraciones de redefinir el modelo expositivo: la Bienal Latinoamericana de Sao Paulo (1978) y el Coloquio de Arte No-Objetual (1981)</subfield>
    <subfield code="r">Miguel L&#xF3;pez.</subfield>
    <subfield code="t">Mesa 6: Dominios y resistencias.</subfield>
    <subfield code="t">Juan Acha y la teor&#xED;a del arte en Am&#xE9;rica Latina: contexto, tapujos y cr&#xED;tica a la cr&#xED;tica</subfield>
    <subfield code="r">Miguel &#xC1;ngel Esquivel.</subfield>
    <subfield code="t">El proyecto est&#xE9;tico de Arguedas en los Zorros</subfield>
    <subfield code="r">Ezequiel Maldonado.</subfield>
    <subfield code="t">Juan Acha: por una teor&#xED;a anticolonial</subfield>
    <subfield code="r">Alberto H&#xED;jar Serrano.</subfield>
    <subfield code="t">Cartograf&#xED;a de la sensibilidad art&#xED;stica: apuntes para ubicar la propuesta de Juan Acha</subfield>
    <subfield code="r">Dagmary Ol&#xED;var.</subfield>
    <subfield code="t">Conferencia magistral: Producci&#xF3;n y circulaci&#xF3;n del arte en un tiempo de desglobalizaci&#xF3;n</subfield>
    <subfield code="r">N&#xE9;stor Garc&#xED;a Canclini.</subfield>
  </datafield>
  <datafield tag="600" ind1="1" ind2="4">
    <subfield code="a">Acha, Juan.</subfield>
    <subfield code="9">5892</subfield>
  </datafield>
  <datafield tag="653" ind1="1" ind2="0">
    <subfield code="a">Arte contempor&#xE1;neo - Coloquios</subfield>
  </datafield>
  <datafield tag="653" ind1="1" ind2="0">
    <subfield code="a">Cr&#xED;tica de arte</subfield>
  </datafield>
  <datafield tag="653" ind1="1" ind2="0">
    <subfield code="a">Teor&#xED;a del arte</subfield>
  </datafield>
  <datafield tag="653" ind1="1" ind2="0">
    <subfield code="a">Te&#xF3;ricos art&#xED;sticos</subfield>
  </datafield>
  <datafield tag="653" ind1="1" ind2="0">
    <subfield code="a">Arte - Per&#xFA;</subfield>
  </datafield>
  <datafield tag="653" ind1="1" ind2="0">
    <subfield code="a">Arte - M&#xE9;xico</subfield>
  </datafield>
  <datafield tag="653" ind1="1" ind2="0">
    <subfield code="a">Educaci&#xF3;n art&#xED;stica</subfield>
  </datafield>
  <datafield tag="999" ind1=" " ind2=" ">
    <subfield code="c">1242</subfield>
    <subfield code="d">1242</subfield>
  </datafield>
  <datafield tag="952" ind1=" " ind2=" ">
    <subfield code="0">0</subfield>
    <subfield code="1">0</subfield>
    <subfield code="2">ddc</subfield>
    <subfield code="4">0</subfield>
    <subfield code="7">0</subfield>
    <subfield code="a">LV</subfield>
    <subfield code="b">LV</subfield>
    <subfield code="c">Pensamiento</subfield>
    <subfield code="d">2017-08-05</subfield>
    <subfield code="l">0</subfield>
    <subfield code="o">709.22 C397j</subfield>
    <subfield code="p">004328</subfield>
    <subfield code="r">2017-08-05 00:00:00</subfield>
    <subfield code="w">2017-08-05</subfield>
    <subfield code="y">01</subfield>
  </datafield>
</record>
